Ciencia de la administración / (Record no. 107669)

MARC details
000 -LEADER
campo de control de longitud fija 00655nam a2200193 4500
001 - NÚMERO DE CONTROL
campo de control 107669
003 - IDENTIFICADOR DE NÚMERO DE CONTROL
campo de control ES-MaACL
005 - FECHA Y HORA DE LA ÚLTIMA TRANSACCIÓN
campo de control 20230906184451.0
007 - CAMPO FIJO DE DESCRIPCIÓN FÍSICA--INFORMACIÓN GENERAL
campo de control de longitud fija t|
008 - DATOS DE LONGITUD FIJA--INFORMACIÓN GENERAL
campo de control de longitud fija 061121s1961 sp r ||||1| spa d
100 1# - ENTRADA PRINCIPAL--NOMBRE DE PERSONA
Nombre de persona Mosher, Frederick C.
9 (RLIN) 83766
245 10 - MENCIÓN DEL TÍTULO
Título Ciencia de la administración /
Mención de responsabilidad, etc. Frederick C. Mosher, Salvatore Cimmino ; traducción, adaptación y prólogo de José A. Escalante y Francisco Ansón.
260 ## - PUBLICACIÓN, DISTRIBUCIÓN, ETC.
Lugar de publicación, distribución, etc. Madrid :
Nombre del editor, distribuidor, etc. Rialp,
Fecha de publicación, distribución, etc. 1961.
300 ## - DESCRIPCIÓN FÍSICA
Extensión 579 p. ;
Dimensiones 25 cm.
700 1# - ENTRADA AGREGADA--NOMBRE PERSONAL
Nombre de persona Escalante, José A.
9 (RLIN) 47466
700 1# - ENTRADA AGREGADA--NOMBRE PERSONAL
Nombre de persona Ansón, Francisco.
9 (RLIN) 21848
700 1# - ENTRADA AGREGADA--NOMBRE PERSONAL
Nombre de persona Cimmino, Salvatore.
9 (RLIN) 38844
852 ## - LOCALIZACIÓN
Ubicación ES-MaACL
Número de control de estantería C-20552
Sublocalización o colección R.48970
Holdings
Estatus retirado Estado de pérdida Estado de daño No para préstamo Biblioteca de origen Biblioteca actual Ubicación en estantería Fecha de adquisición Fuente de adquisición Total de préstamos Signatura topográfica completa Código de barras Visto por última vez Precio de reemplazo Tipo de ítem Koha
        Biblioteca del Ateneo de Madrid Biblioteca del Ateneo de Madrid Galería 17/01/2008     C-20552 1112366 23/02/2023 23/02/2023 Libro impreso